[Event "Troisdorf op"]
[Site "Troisdorf"]
[Date "2003.12.02"]
[Round "6"]
[White "Witten, Alexander"]
[Black "Steinmann, Heinrich"]
[Result "1-0"]
[WhiteElo "1641"]
[BlackElo "1522"]
[PlyCount "77"]
[EventDate "2003.10.14"]
[EventType "swiss"]
[EventRounds "7"]
[EventCountry "GER"]
[SourceTitle "EXT 2005"]
[Source "ChessBase"]
[SourceDate "2004.11.15"]
[SourceVersion "1"]
[SourceVersionDate "2004.11.15"]
[SourceQuality "1"]

1. e4 e6 2. Nf3 d5 3. exd5 exd5 4. b3 Nf6 5. Bb2 Bd6 6. c4 0-0 7. Be2 Re8 8. 0-0 Bg4 9. h3 Bh5 10. Nc3 Bc5 11. d4 Bb6 12. Re1 Ba5 13. Ne5 Bxe2 14. Rxe2 Bxc3 15. Bxc3 Ne4 16. Re3 f6 17. Ng4 Nxc3 18. Rxc3 Nc6 19. Rg3 Kh8 20. Ne3 dxc4 21. d5 Ne7 22. bxc4 Ng6 23. Qg4 Re5 24. f4 Re4 25. Rf1 Qf8 26. h4 Rae8 27. h5 Rxe3 28. Rxe3 Rxe3 29. hxg6 f5 30. Qh4 h6 31. Re1 Re4 32. Rxe4 fxe4 33. Kf1 e3 34. Ke2 Qe8 35. f5 c6 36. d6 b6 37. Qe7 Qg8 38. Qe6 Qa8 39. d7 1-0

[Event "Troisdorf op"]
[Site "Troisdorf"]
[Date "2003.11.04"]
[Round "2"]
[White "Raupach, Birgit"]
[Black "Witten, Alexander"]
[Result "0-1"]
[WhiteElo "1116"]
[BlackElo "1641"]
[PlyCount "32"]
[EventDate "2003.10.14"]
[EventType "swiss"]
[EventRounds "7"]
[EventCountry "GER"]
[SourceTitle "EXT 2005"]
[Source "ChessBase"]
[SourceDate "2004.11.15"]
[SourceVersion "1"]
[SourceVersionDate "2004.11.15"]
[SourceQuality "1"]

1. d4 b5 2. Nf3 Bb7 3. e3 a6 4. Be2 Nf6 5. 0-0 e6 6. Nbd2 c5 7. c4 b4 8. b3 Bd6 9. Bb2 0-0 10. a3 a5 11. a4 Ne4 12. Nb1 Qf6 13. Qc2 Qh6 14. Bd3 Ng5 15. Nbd2 Bxf3 16. Nxf3 Nxf3+ 0-1